000 nam a22 7a 4500
999 _c28518
_d28517
003 OSt
005 20170524235207.0
008 170524b xxu||||| |||| 00| 0 eng d
040 _aMMU
_beng
_cMMU
_dMMU
050 _aHD30.28.M35 2014
245 _aMaking business decision part 2/
_cWestern University
250 _a7th ed.
260 _aOntario:
_bJohn Haywood,
_c2014.
300 _a298p.;
650 _amaking business decision
942 _2lcc
_cLOAN LOAN
_e7th ed.